00000000nam##2200000za#4500
0019.578960
003CaOODSP
00520210624190332
007cr |||||||||||
008150406|1991||||xxc|||||o    f|0| 0 eng|d
022 |a1488-5379
040 |aCaOODSP|beng
043 |an-cn---
0861 |aFs97-6/1831E-PDF
1101 |aCanada. |bDepartment of Fisheries and Oceans.
24510|aProceedings of the Special Session on Salmonid Aquaculture, World Aquaculture Society, February 16, 1989, Los Angeles, USA / |h[electronic resource]|cby R.H. Cook and W. Pennell, Editors.
260 |aSt. Andrews - New Brunswick : |bFisheries and Oceans Canada |c1991.
300 |a173p.|breferences, tables
4901 |aCanadian technical report of fisheries and aquatic sciences|x1488-5379|vNo. 1831
500 |aOn t.p.: Biological Station, St. Andrews, New Brunswick. The catalogue number and ISSN for the print edition appear in the PDF version.
546 |a(Résumé en français)
590 |a14-05-Supp|b2014-02-26
7201 |aCook, R. H.
7201 |aPennell, W.
830#0|aCanadian technical report of fisheries and aquatic sciences,|x1488-5379|vNo. 1831|w(CaOODSP)9.504449
85640|ahttp://publications.gc.ca|qPDF|s10,674 KB|uhttps://publications.gc.ca/collections/collection_2014/mpo-dfo/Fs97-6-1831-eng.pdf|yNo. 1831